01426 a2200181 45000010006000000050017000060080041000230030015000640400040000790800151001192450044002700200022003142640075003363000025004115050773004360410008012091000027012176195420260407155912.0260407a2006 arg spa dAR-UNSa-BCEJYS aAR-UNSa-BCEJYSbspacAR-UNSa-BCEJYS a347.77xPropiedad industrial, comercial y científica. Derecho sobre patentes y marcas. Registro de modelos, planos, marcas y nombres comerciales10aPropiedad intelectual y salud pública a978-987-03-0840-9 1aBuenos Aires :bUniversidad de Buenos Aires. Facultad de Derechoc2006 axiii, 272 p.c24 cm. a1. Internacionalización del sistema de patentes y nuevas tecnologías - 2. Medidas pro-competitivas en el marco del Acuerdo sobre los ADPIC – 3. Repercusiones de la Declaración de Doha relativa al Acuerdo sobre los ADPIC y la Salud Pública – 4. Integración de la salud pública en la legislación sobre patentes de los países en desarrollo – 5. Patentamiento de la segunda indicación farmacéutica – 6. Protección de los datos presentados para el registro de productos farmacéuticos – 7. La protección de la propiedad intelectual y la salud pública en el Tratado de Comercio Chile- Estados Unidos – 8. Bilateralismo en la propiedad intelectual y el acceso a medicamentos – 9. Protección de los sistemas de medicina tradicional aspa1 aCorrea, Carlos María